000 00740nam a2200253Ia 4500
003 OSt
005 20220925214706.0
006 a|||||r|||| 00| 0
007 ta
008 220923b |||||||| |||| 00| 0 eng d
020 _a0714632465
037 _cGeneral Book
040 _aRTL
_cRTL
_beng
041 _2eng
_aeng
082 _aV3:19.4.M42<--L75, M4
100 _aIngram Edward
_9280953
245 0 _aIn defence of British India
_b Great Britain in the
260 _aLondon
_bFrank Cass
_c1984
300 _axviii, 236p
_ccm.
500 _aBibliography: P 218-31
650 _aOreign Policy Great Britain
942 _hV3:19.4.M42<--L75, M4
_cGB
_2CC
999 _c566293
_d566293